Dans quel arrondissement de Paris? - 1 - Statistiques

Statistiques générales
  • Ce quiz a été pris 53 fois
  • Le résultat moyen est 14 sur 15
Statistiques - réponses
Hint Réponse % Correct
Le musée du Louvre 1
100%
La Tour Eiffel 7
98%
Le jardin du Luxembourg 6
96%
Le musée d'Orsay 7
94%
Le palais de l'Élysée 8
94%
L'avenue des Champs-Élysées 8
92%
Le jardin des Tuileries 1
90%
Le Centre national d'art et de culture Georges-Pompidou 4
90%
L'opéra Garnier 9
90%
La tour Montparnasse 15
88%
La basilique du Sacré-Cœur de Montmartre 18
88%
Le cimetière du Père-Lachaise 20
88%
L'hôtel de ville de Paris 4
88%
L'arc de triomphe de l'Étoile 8
88%
Le parc des Buttes-Chaumont 19
86%
Aucun quiz correspondant
Distribution des résultats
% des personnes avec chaque résultat
Percentile par nombre de réponses
Votre historique - résultats
Vous n’avez pas pris ce quiz